000 00571cam a22001814a 4500
999 _c684
_d684
020 _a0130455296
050 0 0 _aRT41
_b.K84
100 _aKozier,Barbara
245 0 0 _aFundamentals of nursing :
_bconcepts, process, and practice /
_cBarbara Kozier ... [et al.].
250 _a7th ed.
260 _aUpper Saddle River, N.J. :
_bPrentice Hall Health,
_cc2004.
300 _axxxiii, 1516 p. :
_bill. (chiefly col.) ;
_c28 cm. +
_e1 CD-ROM (4 3/4 in.)
650 0 _aNursing.
650 1 2 _aNursing Process.
650 2 2 _aNursing Care.
700 1 _aKozier, Barbara.
942 _cBK